000 01145aam a2200301 i 4500
001 768714001
003 CO-MdFUSB
005 20241030125538.0
007 ta
008 170407t1996 ag |||| |||| 00| 0 spa d
020 _a0-8028-0491-3
040 _aCO-MdFUSB
_bspa
_cCO-MdFUSB
_dCO-MdFUSBC
_erda
041 0 _aspa
082 0 4 _a225.6
_223
_bR649a
100 1 _aRobertson, A. W.
_eautor
245 3 _aEl Antiguo Testamento en el Nuevo
_c/ A. W. Robertson
264 1 _aBuenos Aires, Argentina:
_b Nueva Creación,
_c[1996]
264 4 _c©1996
300 _a262 páginas
_c; 22 cm
336 _2rdacontent
_atexto
_btxt
337 _2rdamedia
_asin mediación
_bn
338 _2rdacarrier
_avolumen
_bnc
505 _aIntroducción. -- Fuentes y técnicas de interpretación judías. -- Jesús y el A.T. -- E. A.t. y los Evangelios Sinópticos. -- El A.T. en la literatura juanina. -- El AT y los Hechos de los apóstoles. -- Pablo y el AT. -- El AT en Hebreos. -- El AT en las epístolas universales y el Apocalipsis. -- Conclusiones.
563 _aRústico
630 0 7 _aBiblia.
_pNuevo Testamento
942 _cBK
945 _aJTF-925
999 _c33370
_d33370